000
00265nam a2200109Ia 4500
008
200302s9999 xx 000 0 und d
100
_a
Nikolaus Pevsner
245
_a
A History of Building Types
260
_b
Thames and Hudson Ltd.
260
_c
1976
300
_a
352 P.,
999
_c
156
_d
156